00321nam a2200121Ia 4500008004100000041000800041082001600049100001800065245003300083260004200116300003200158365000900190240624s9999 xx 000 0 und d aeng a332.094 SKI aSKINNER CHRIS aFUTURE OF FINANCE AFTER SEPA c2008aNew JerseybJohn Wiley and Sons axxiv, : 303 : p. : cm. ; 24 cb30